<?xml version="1.0" encoding="UTF-8"?>
<record
    xmlns:xsi="http://www.w3.org/2001/XMLSchema-instance"
    xsi:schemaLocation="http://www.loc.gov/MARC21/slim http://www.loc.gov/standards/marcxml/schema/MARC21slim.xsd"
    xmlns="http://www.loc.gov/MARC21/slim">

  <leader>00709nam a2200193 ar4500</leader>
  <controlfield tag="001">4078</controlfield>
  <controlfield tag="005">20221127090854.0</controlfield>
  <controlfield tag="008">150128s        su            00010|ara d</controlfield>
  <datafield tag="020" ind1=" " ind2=" ">
    <subfield code="a">9960496422</subfield>
  </datafield>
  <datafield tag="082" ind1="0" ind2="4">
    <subfield code="a">658.81</subfield>
    <subfield code="b">&#x634;796</subfield>
  </datafield>
  <datafield tag="100" ind1="1" ind2=" ">
    <subfield code="a">&#x634;&#x64A;&#x641;&#x645;&#x646;&#x60C; &#x633;&#x62A;&#x64A;&#x641;&#x646;.</subfield>
  </datafield>
  <datafield tag="245" ind1="1" ind2="0">
    <subfield code="a">&#x645;&#x647;&#x627;&#x631;&#x627;&#x62A; &#x627;&#x644;&#x628;&#x64A;&#x639; &#x639;&#x627;&#x644;&#x64A;&#x629; &#x627;&#x644;&#x641;&#x639;&#x627;&#x644;&#x64A;&#x629; /</subfield>
    <subfield code="c">&#x62A;&#x627;&#x644;&#x64A;&#x641; &#x633;&#x62A;&#x64A;&#x641;&#x646; &#x634;&#x64A;&#x641;&#x645;&#x646; &#x61B; &#x62A;&#x639;&#x644;&#x64A;&#x642; &#x648;&#x645;&#x631;&#x627;&#x62C;&#x639;&#x629; &#x64A;&#x648;&#x633;&#x641; &#x628;&#x646; &#x639;&#x62B;&#x645;&#x627;&#x646; &#x627;&#x644;&#x62D;&#x632;&#x64A;&#x645;.</subfield>
  </datafield>
  <datafield tag="250" ind1=" " ind2=" ">
    <subfield code="a">&#x637;. 1.</subfield>
  </datafield>
  <datafield tag="260" ind1=" " ind2=" ">
    <subfield code="a">&#x627;&#x644;&#x631;&#x64A;&#x627;&#x636; :</subfield>
    <subfield code="b">&#x64A;&#x648;&#x633;&#x641; &#x628;&#x646; &#x639;&#x62B;&#x645;&#x627;&#x646; &#x627;&#x644;&#x62D;&#x632;&#x64A;&#x645;&#x60C;</subfield>
    <subfield code="c">2005.</subfield>
  </datafield>
  <datafield tag="300" ind1=" " ind2=" ">
    <subfield code="a">468 &#x635;. &#x61B;</subfield>
    <subfield code="c">21 &#x633;&#x645;.</subfield>
  </datafield>
  <datafield tag="650" ind1=" " ind2="4">
    <subfield code="a">&#x627;&#x62F;&#x627;&#x631;&#x629; &#x627;&#x644;&#x645;&#x628;&#x64A;&#x639;&#x627;&#x62A;.</subfield>
  </datafield>
  <datafield tag="650" ind1=" " ind2="4">
    <subfield code="a">&#x627;&#x644;&#x62A;&#x633;&#x648;&#x64A;&#x642;.</subfield>
  </datafield>
  <datafield tag="700" ind1="0" ind2=" ">
    <subfield code="a">&#x627;&#x644;&#x62D;&#x632;&#x64A;&#x645;&#x60C; &#x64A;&#x648;&#x633;&#x641; &#x628;&#x646; &#x639;&#x62B;&#x645;&#x627;&#x646;&#x60C;</subfield>
    <subfield code="e">&#x645;&#x631;&#x627;&#x62C;&#x639;.</subfield>
  </datafield>
  <datafield tag="999" ind1=" " ind2=" ">
    <subfield code="c">4076</subfield>
    <subfield code="d">4076</subfield>
  </datafield>
  <datafield tag="952" ind1=" " ind2=" ">
    <subfield code="0">0</subfield>
    <subfield code="1">0</subfield>
    <subfield code="2">DDC</subfield>
    <subfield code="4">0</subfield>
    <subfield code="7">0</subfield>
    <subfield code="a">CENTRAL</subfield>
    <subfield code="b">CENTRAL</subfield>
    <subfield code="d">2022-11-27</subfield>
    <subfield code="l">0</subfield>
    <subfield code="o">658.81 &#x634;796</subfield>
    <subfield code="p">10000000012478</subfield>
    <subfield code="r">2022-11-27 00:00:00</subfield>
    <subfield code="t">C1</subfield>
    <subfield code="w">2022-11-27</subfield>
    <subfield code="y">BK</subfield>
  </datafield>
</record>
